The theory of polymer dynamics /

Guardado en:
Autor Principal: Doi, M.
Otros Autores: Edwards, Sam, 1928.
Formato: Libro
Idioma:English
Publicado: Oxford : Clarendon, 1986.
Series:The International series of monographs on physics ; 73
Materias:
Etiquetas: Agregar Etiqueta
Sin Etiquetas, Sea el primero en etiquetar este registro!
LEADER 00740nam a22002055a 4500
001 EIQ.libpla003688
008 080229s1986####enka#####b####001#0#eng#d
005 20080229161113.0
245 1 4 |a The theory of polymer dynamics /  |c M. Doi and S.F. Edwards. 
260 |a Oxford :  |b Clarendon,  |c 1986. 
300 |a xiii, 391 p. :  |b il. ;  |c 23 cm. 
440 0 |a The International series of monographs on physics ;  |v 73 
504 |a Incluye referencias bibliográficas e índices. 
020 |a 0198520336 (pbk) 
100 1 |a Doi, M.  |q (Masao) 
700 1 |a Edwards, Sam,  |d 1928. 
650 4 |a Polímeros  |x Propiedades físicas. 
650 4 |a Polymers  |x Physical properties. 
040 |a AR-BbSID  |b spa  |c AR-BbSID 
859 |a AR-BbSID  |b BIB. PLAPIQUI  |h 547.704 5  |i D 1  |p 4495